| 000 | 01043nam a22003017a 4500 | ||
|---|---|---|---|
| 003 | CHAP | ||
| 005 | 20220329134104.0 | ||
| 008 | 971013s1959 r 00010 d | ||
| 010 | _a15220 | ||
| 011 | _a16192 | ||
| 035 | _a20270 | ||
| 040 | _cCHAP | ||
| 082 |
_a551.573 _bG74 |
||
| 100 | 0 | 0 |
_aGreen, Christine R. _950542 |
| 245 | _aArizona statewide raintall | ||
| 260 |
_a(Tucson) : _bUniversity of Arizona Institute of Atmospheric Physics, _c1959 |
||
| 300 |
_a8 h. _b: anexos |
||
| 490 |
_aTechnical reports on the meteorology and climatology of arid regions _v; 7 |
||
| 590 |
_aBATCH-UPD _b10 _c20130110 _lUCH01 _h2120 |
||
| 590 |
_aBATCH-UPD _b10 _c20130410 _lUCH01 _h1430 |
||
| 590 |
_aBATCH-UPD _b10 _c20130914 _lUCH01 _h1728 |
||
| 590 |
_aCONVERSION _b10 _c20130109 _lUCH01 _h1310 |
||
| 650 | 1 | 4 |
_aLluvia _xMedición. _967325 |
| 830 | 0 |
_aTechnical reports on the meteorology and climatology of arid regions _v; 7 _9111912 |
|
| 901 | _aBK | ||
| 942 | _cLIBRO | ||
| 949 |
_a551.573 G74 _bBC _cLIBRO _d33724000460168 _eLIBRO _h43237 _i20270 _mD _si |
||
| 999 |
_c15220 _d15220 |
||